Footballeurs en G - Statistiques

Statistiques générales
  • Ce quiz a été pris 137 fois
  • Le résultat moyen est 15 sur 20
Statistiques - réponses
Par images Réponse % Correct
Giroud
98%
Griezmann
97%
Gerrard
96%
Gignac
93%
Gattuso
92%
Gotze
92%
Gavi
91%
Gusto
88%
Gouiri
87%
Gameiro
85%
Gervinho
82%
Godin
74%
Gourcuff
71%
Govou
71%
Gallas
68%
Giuly
64%
Giresse
46%
Guti
43%
Gyan
38%
Gouffran
16%
Aucun quiz correspondant
Distribution des résultats
% des personnes avec chaque résultat
Percentile par nombre de réponses
Votre historique - résultats
Vous n’avez pas pris ce quiz